000 00820nam a2200253Ia 4500
003 OSt
005 20220923222812.0
006 a|||||r|||| 00| 0
007 ta
008 220922b |||||||| |||| 00| 0 hin d
024 _a208,162
037 _cTextual
040 _aARTS
_cARTS
_bhin
041 _2hin
_ahin
082 _aO152,3NSH16,KA, M3
100 _aशशि प्रभा, शास्त्री
_9161259
245 0 _aकर्करेखा
246 _aKarkarekhā
260 _aनई दिल्ली
_b राजकमल प्रका0
_c1983
300 _a248पृ.
_ccm.
650 _aहिन्दी साहित्य
_9156264
942 _hO152,3NSH16,KA, M3
_cTEXL
_2CC
999 _c358758
_d358758